| 000 | 00589cam a22002053a 4500 | ||
|---|---|---|---|
| 001 | 45045 | ||
| 003 | PGUSA | ||
| 005 | 20140828084029.0 | ||
| 008 | 140228s2014||||xxu|||||s|||||000 | eng d | ||
| 040 |
_aPGUSA _beng |
||
| 042 | _adc | ||
| 100 | 1 |
_aDouglas, Amanda M., _d1831-1916 |
|
| 245 | 1 | 2 |
_aA Little Girl in Old Washington _h[electronic resource] / _cAmanda M. Douglas |
| 260 |
_bProject Gutenberg, _c2014 |
||
| 506 | _aPublic domain in the USA. | ||
| 516 | _aElectronic text | ||
| 830 | 0 |
_aProject Gutenberg _v45045 |
|
| 856 | 4 | 0 | _uhttp://www.gutenberg.org/ebooks/45045 |
| 942 | _cEB | ||
| 999 |
_c274296 _d274296 |
||